| 000 | 00743nam a22002417a 4500 | ||
|---|---|---|---|
| 001 | 3704 | ||
| 003 | FISKH | ||
| 005 | 20240423100232.0 | ||
| 008 | 240423b cb ||||| |||| 00| 0 eng d | ||
| 040 |
_aFISK _beng _cFISK _dFISK |
||
| 050 | _aPZ7.K46815 | ||
| 082 | _a823.914 | ||
| 100 |
_aKerr Judith _d1923-2019 |
||
| 245 |
_aWhen hitler stole pink rabbit / _cJudith Kerr |
||
| 260 |
_aNew York : _bScholastic, _c1998 |
||
| 300 |
_a191 pages : _billustrations, _c20 cm |
||
| 505 | _aS | ||
| 520 | _aRecounts the adventures of a nine-year-old Jewish girl and her family in the early 1930's as they travel from Germany to England. | ||
| 521 | 8 |
_a940 _bLexile |
|
| 700 | _aJudith Kerr | ||
| 942 |
_2lcc _cBK _n0 |
||
| 999 |
_c3704 _d3704 |
||